000
00252nam a2200109Ia 4500
008
201224s9999 xx 000 0 und d
100
_a
Stafford, L. W. T.
245
0
_a
Mathematics for Economists
260
_a
London
_b
ELBS
300
_a
371
942
_c
BK
999
_c
8920
_d
8920